[Event "OMA-chT"]
[Site "Muscat"]
[Date "2020.01.28"]
[Round "5.5"]
[White "Al Saidi, Mohammed Khalfan"]
[Black "Al Amri, Mahad Suhail"]
[Result "1-0"]
[WhiteElo "1715"]
[BlackElo "1587"]
[PlyCount "209"]
[EventDate "2020.01.25"]
[EventType "team-swiss"]
[EventRounds "9"]
[EventCountry "OMN"]
[SourceTitle "CBM 194 Extra"]
[Source "ChessBase"]
[SourceDate "2020.03.31"]
[SourceVersion "1"]
[SourceVersionDate "2020.03.31"]
[SourceQuality "1"]

1. d4 Nf6 2. c4 e6 3. Nc3 d5 4. cxd5 exd5 5. Bg5 Be7 6. Qc2 Be6 7. e3 h6 8. Bh4 c6 9. Bd3 Nh5 10. Bxe7 Qxe7 11. Nge2 0-0 12. 0-0 Qg5 13. Rab1 f5 14. Ng3 Nxg3 15. hxg3 Nd7 16. Ne2 Nf6 17. Nf4 Bd7 18. Be2 Ne4 19. Bf3 Rae8 20. Nd3 Qf6 21. Bxe4 fxe4 22. Ne5 Qd6 23. b4 b6 24. Rfc1 Rc8 25. Qa4 Rc7 26. Rc2 Rfc8 27. Rbc1 Be8 28. Qb3 c5 29. b5 c4 30. Qb2 Ra8 31. Rb1 a5 32. a4 Bg6 33. Rc3 Rac8 34. Rbc1 Be8 35. f3 Bg6 36. f4 Bf7 37. g4 g5 38. g3 Kg7 39. Kf2 Rh8 40. Rh1 Rcc8 41. Qa3 Qxa3 42. Rxa3 Rc7 43. Ke2 Be8 44. Kd2 Rf8 45. Kc3 Rh8 46. Ra2 Kg8 47. Rah2 Rch7 48. fxg5 hxg5 49. Rxh7 Rxh7 50. Rxh7 Kxh7 51. Nc6 Kg7 52. Ne7 Bf7 53. Nc8 Kf8 54. Nxb6 Ke7 55. Nc8+ Kd7 56. Na7 Kc7 57. Nc6 Kb6 58. Ne5 Be6 59. Kb2 Kc7 60. Kc2 Kb6 61. Kc3 Kc7 62. Nc6 Kb6 63. Nd8 Bg8 64. Kb2 Kc7 65. Nc6 Kb6 66. Ne7 Be6 67. Nf5 Kc7 68. Ng7 Bxg4 69. Ne8+ Kb6 70. Nf6 Be6 71. g4 Kc7 72. Nh7 Bxg4 73. Nxg5 Bd1 74. Ne6+ Kb6 75. Nc5 Bg4 76. Kc1 Bh3 77. Kd2 Bg4 78. Na6 Bf3 79. Nb8 Bg4 80. Nc6 Bd7 81. Ne7 Be6 82. Ng6 Bf7 83. Nf4 Kc7 84. Ne2 Kd6 85. Nc3 Be8 86. Ke2 Ke6 87. Kf2 Bd7 88. Kg3 Kd6 89. Kf4 Bc8 90. Kg5 Bd7 91. Kf6 Be8 92. Kg7 Bd7 93. Kf8 Bg4 94. Ke8 Be6 95. Kd8 Bg4 96. b6 Kc6 97. Nxd5 Be6 98. Nc3 Kxb6 99. Nxe4 Kc6 100. Nc3 Bf5 101. Ke7 Kc7 102. e4 Bg4 103. e5 Kc6 104. e6 Kc7 105. d5 1-0

[Event "OMA-ch"]
[Site "Muscat"]
[Date "2019.12.04"]
[Round "3"]
[White "Al Amri, Mahad Suhail"]
[Black "Al Kathiri, Mana"]
[Result "0-1"]
[WhiteElo "1587"]
[BlackElo "1434"]
[PlyCount "44"]
[EventDate "2019.12.02"]
[EventType "swiss"]
[EventRounds "9"]
[EventCountry "OMN"]
[SourceTitle "CBM 195 Extra"]
[Source "ChessBase"]
[SourceDate "2020.05.31"]
[SourceVersion "1"]
[SourceVersionDate "2020.05.31"]
[SourceQuality "1"]

1. e4 c6 2. d4 d5 3. Nc3 dxe4 4. Nxe4 Nf6 5. Nxf6+ exf6 6. c3 Bd6 7. Bd3 0-0 8. Qc2 g6 9. h4 h5 10. Bxg6 Qe7+ 11. Ne2 fxg6 12. Qxg6+ Qg7 13. Qxh5 Bg4 14. Qh6 Qxh6 15. Bxh6 Re8 16. Be3 f5 17. f3 Rxe3 18. fxg4 Nd7 19. Kd2 Rae8 20. Rae1 fxg4 21. Nc1 Rxe1 22. Rxe1 Bf4+ 0-1